| 000 | 00629nam a2200253Ia 4500 | ||
|---|---|---|---|
| 005 | 20260320200844.0 | ||
| 008 | 008 262003s9999 xx 000 0 eng d | ||
| 020 | _a9781630817749 | ||
| 037 | _aEBOOK | ||
| 040 | _aCRL | ||
| 040 | _beng | ||
| 040 | _cCRL | ||
| 041 | _2eng | ||
| 041 | _aeng | ||
| 084 | _qCRL | ||
| 100 |
_aGuerci _91133603 |
||
| 245 | 0 | _aCognitive Radar: The Knowledge-Aided Fully Adaptive Approach, Second Edition | |
| 260 | _bIEEE | ||
| 260 | _c2020 | ||
| 856 | _uhttps://ieeexplore.ieee.org/servlet/opac?bknumber=9220001 | ||
| 942 | _cEBOOK | ||
| 999 |
_c1717318 _d1717318 |
||